000 00737nam a2200229 a 4500
001 9679
003 BD-JhCC
005 20230610194357.0
008 230610s2019 bg |||| ||a| 000 0 b d
020 _a9789849298526
035 _a(BD-JhCC)9679
040 _aBD-JhCC
_dBD-JhCC
041 _aben
082 _a410
_bLAH 2019
100 _aলাহিড়ী, শিবপ্রসন্ন
245 _aশিবপ্রসন্ন লাহিড়ী রচনাবলী /
_cশিবপ্রসন্ন লাহিড়ী
260 _aঢাকা:
_bআবিস্কার,
_c২০১৯.
300 _a৪৯৫ পৃ. :
_c২১ সেমি.
651 _aLanguistics
942 _2ddc
_cBK
999 _c9679
_d9679